| 000 | 00361nam a2200145Ia 4500 | ||
|---|---|---|---|
| 008 | 230917s9999||||xx |||||||||||||| ||und|| | ||
| 040 |
_e160838 _aMAIN |
||
| 041 | _aEnglish | ||
| 082 | _a785.066 C349B | ||
| 100 | _aChakraborty | ||
| 245 | 0 | _aBharatiya sangeet mein vadhyavrind | |
| 260 |
_aDelhi _bRadha Publication _c1997 |
||
| 300 | _a171 p. | ||
| 942 | _cBK | ||
| 999 |
_c232628 _d232628 |
||